|
|
|
|
| LEADER |
01015nam a2200241 a 4500 |
| 001 |
12009995 |
| 008 |
100222r2001 caua b 001 0 eng d |
| 010 |
|
|
|a \\\00104661
|
| 020 |
|
|
|a 0121211851 (alk. paper)
|
| 020 |
|
|
|a 8178670259
|
| 040 |
|
|
|a DLC
|c DLC
|d DLC
|d BD-DhAAL
|
| 082 |
0 |
0 |
|a 003
|2 21
|
| 100 |
1 |
|
|a Boyd, Donald W.
|q (Donald William),
|d 1930-
|
| 245 |
1 |
0 |
|a Systems analysis and modeling :
|b a macro to micro approach with multidisciplinary applications /
|c Donald W. Boyd.
|
| 260 |
|
|
|a San Diego, CA :
|b Academic Press ;
|a New Delhi :
|b Harcourt India Pvt. Ltd.,
|c c2001 [reprinted].
|
| 300 |
|
|
|a xi, 365 p. :
|b ill. ;
|c 24 cm.
|
| 504 |
|
|
|a Includes bibliographical references (p. 347-350) and index.
|
| 541 |
1 |
|
|e 00019805
|
| 650 |
|
0 |
|a System analysis.
|
| 650 |
|
0 |
|a Mathematical models.
|
| 852 |
4 |
|
|a Ayesha Abed Library
|j General Shelf
|
| 999 |
|
|
|c 7651
|d 7651
|
| 952 |
|
|
|0 0
|1 0
|2 ddc
|4 0
|6 003_BOY_200100000000000
|7 0
|9 8376
|a BRACUL
|b BRACUL
|c GEN
|d 2010-02-22
|l 1
|o 003 BOY
|p 3010019805
|r 2018-03-27
|s 2018-03-27
|t 1
|w 2010-02-22
|y BK
|